000 00377nam a2200145Ia 4500
008 220216s9999 xx 000 0 und d
100 _aJose V.T.
245 0 _aDomestication of honey bees in rubber plantations
260 _bPlanters' Chronicle
_c2001
300 _a101-105
650 _aRubber honey
650 _aRubber plantation
700 _aJoseph T.[a]
942 _cBS
999 _c51282
_d51282